Vista normal
Vista MARC
Entrada Nombre Personal
Número de registros utilizados en: 1
001 - Número de Control
- control field: 19482
003 - Identificador de Número de Control
- control field: EcQuBN
005 - Fecha y Hora de la última transacción
- Campo de Control: 20141202043334.0
008 - Elementos de Datos de Longitud Fija
- fixed length control field: 141128|| aca||aabn | a|a d
040 ## - Origen de la Catalagación
- Agencia catalogadora original: EcQuBN
- Idioma de la catalogación: spa
100 1# - Asiento Principal--Nombre Personal
- Nombre personal :: Illescas, Alonso de,
- Fecha asociadas con el Nombre : : 1528-1585
400 1# - Trazado Véase Desde -- Nombre Personal
- Nombre Personal: Alonso de Illescas,
- Fechas asociadas con un nombre : : 1528-1585
- Forma completa de un nombre : : El gobernador negro
670 ## - Fuente de la Información Encontrada
- Fuente citada :: afros.wordpress.com
- Identificador Uniforme de Recursos :: https://afros.wordpress.com/historia/personajes-afroecuatorianos-historicos/
670 ## - Fuente de la Información Encontrada
- Fuente citada :: Alonso de Illescas : el gobernador negro
- Informacion encontrada :: portada























